000 00627nam a2200277Ia 4500
005 20260324145217.0
008 008 260324s9999 xx 000 0 eng d
020 _a9780429047046
037 _aEBOOK
040 _aCRL
040 _beng
040 _cCRL
041 _2eng
041 _aeng
084 _qCRL
100 _aMichael Frome
_91221579
245 0 _aBattle For The Wilderness
260 _bTaylor and Francis
260 _c1984
365 _a
365 _b255
856 _uhttp://www.taylorfrancis.com/books/9780429047046
942 _cEBOOK
999 _c1829746
_d1829746